|
|
|
|
| LEADER |
00000nam a2200000 4500 |
| 001 |
vtls011991510 |
| 003 |
SK-MaSNL |
| 005 |
20260301145828.0 |
| 007 |
co cg auuua |
| 008 |
200909s2019 xo | fsp 000 0 slo |
| 015 |
|
|
|a SNBS2020
|
| 020 |
|
|
|a 9788055334189
|q (elektronická kniha)
|
| 040 |
|
|
|a SNK
|b slo
|c SNK
|e rda
|
| 041 |
0 |
|
|a slo
|
| 044 |
|
|
|a xo
|c SK
|
| 072 |
|
7 |
|a 621
|x Strojárstvo
|2 konspekt
|
| 080 |
|
|
|a 621.865.8
|2 2011
|
| 080 |
|
|
|a 004.42
|2 2011
|
| 080 |
|
|
|a (075.8)
|2 2011
|
| 080 |
|
|
|a (0.034.44)
|2 2011
|
| 100 |
1 |
|
|a Semjon, Ján,
|d 1979-
|4 aut
|9 159172
|
| 245 |
1 |
0 |
|a Programovanie priemyselných robotov II.
|c Ján Semjon, Rudolf Jánoš, Marek Sukop, Peter Tuleja, Peter Marcinko
|
| 250 |
|
|
|a Vydanie: prvé
|
| 264 |
|
1 |
|a Košice
|b Technická univerzita v Košiciach
|c 2019
|
| 300 |
|
|
|a 1 CD-ROM
|b farebný
|c 12 cm
|
| 336 |
|
|
|a text
|b txt
|2 rdacontent
|
| 337 |
|
|
|a počítač
|b c
|2 rdamedia
|
| 338 |
|
|
|a počítačový disk
|b cd
|2 rdacarrier
|
| 347 |
|
|
|a textový súbor
|b PDF
|2 rda
|
| 366 |
|
|
|e 50 kusov
|
| 490 |
1 |
|
|a Edícia študijnej literatúry
|
| 500 |
|
|
|a Nad názvom: Technická univerzita v Košiciach, Strojnícka fakulta
|
| 500 |
|
|
|a Názov z titulnej obrazovky
|
| 504 |
|
|
|a Obsahuje bibliorafické odkazy
|
| 650 |
0 |
7 |
|a priemyselné roboty
|2 SNKPH
|9 31851
|
| 650 |
0 |
7 |
|a programovanie
|2 SNKPH
|9 22041
|
| 650 |
0 |
7 |
|a Industrial robots
|2 SNKPHeng
|9 314267
|
| 650 |
0 |
7 |
|a Programming
|2 SNKPHeng
|9 302464
|
| 655 |
|
7 |
|a CD-ROM
|2 SNKPH
|9 70236
|
| 655 |
|
7 |
|a učebnice vysokých škôl
|2 SNKPH
|9 70191
|
| 655 |
|
7 |
|a Textbooks (higher)
|2 SNKPHeng
|9 276436
|
| 700 |
1 |
|
|a Jánoš, Rudolf,
|d 1980-
|4 aut
|9 195032
|
| 700 |
1 |
|
|a Sukop, Marek,
|d 1976-
|4 aut
|9 196101
|
| 700 |
1 |
|
|a Tuleja, Peter,
|d 1963-
|4 aut
|9 172098
|
| 700 |
1 |
|
|a Marcinko, Peter,
|d 1980-
|4 aut
|9 506179
|
| 810 |
2 |
|
|a Technická univerzita v Košiciach.
|b Strojnícka fakulta
|t Edícia študijnej literatúry
|9 312999
|
| 919 |
|
|
|a 978-80-553-3418-9
|
| 958 |
|
|
|a NB
|
| 999 |
|
|
|c 781513
|d 783443
|
| 952 |
|
|
|a SNK
|b SNK
|y PREZ
|7 0
|p 17A1442778
|o snkSCDM 11289/2
|i snk2020/15903
|8 0
|0 0
|1 0
|4 0
|d 2020-09-09
|l 0
|r 2026-02-24 01:06:55
|w 2026-02-24
|